000 00569nam a22001337a 4500
040 _cRUA
082 _aLM A HEN 2017 B652 Or.1
100 _aHENG PIN ហេង ពីន
245 _astudy on land use and land cover change detection aoral district, kampong speu province សិក្សារពីការប្រែប្រួលដី​និង​ គម្របដីនៅស្រុកឪរ៉ាល ខេត្តកំពង់ស្ពឺ
260 _aRUA
_bPhnom penh
_c2017
300 _aix;64p
_bill;
_c29cm
856 _u HENG PIN
942 _cLMA
999 _c18471
_d18471